Music Quiz

Random Music or Lyrics Quiz
Score 0/205 Timer 10:00
0 Plays Today
% Correct
[CHORUS]
100%
[CHORUS]
98.2%
a
96.5%
a
96.5%
a
94.7%
a
94.7%
a
94.7%
a
94.7%
a
94.7%
a
94.7%
I
93%
the
93%
the
93%
the
93%
the
93%
the
93%
the
93%
I
93%
the
93%
The
93%
the
93%
the
93%
the
93%
I
93%
the
93%
the
93%
the
93%
the
93%
the
93%
I
93%
I
93%
the
93%
the
93%
the
93%
the
93%
Amoreena
91.2%
And
87.7%
And
86%
And
86%
and
86%
and
86%
I've
84.2%
been
84.2%
how
84.2%
in
84.2%
in
84.2%
in
84.2%
in
84.2%
in
84.2%
bee
84.2%
I've
84.2%
been
84.2%
how
84.2%
in
84.2%
my
82.5%
My
82.5%
my
82.5%
Lately
80.7%
thinking
80.7%
much
80.7%
miss
80.7%
lady
80.7%
for
80.7%
when
80.7%
it
80.7%
when
80.7%
for
80.7%
miss
80.7%
Lately
80.7%
% Correct
thinking
80.7%
much
80.7%
miss
80.7%
lady
80.7%
for
80.7%
of
78.9%
Of
78.9%
to
78.9%
of
78.9%
of
78.9%
like
77.2%
through
77.2%
Rolling
77.2%
through
77.2%
like
77.2%
down
77.2%
she
77.2%
you
77.2%
down
77.2%
like
77.2%
through
77.2%
Rolling
77.2%
through
77.2%
like
77.2%
you
77.2%
like
77.2%
like
77.2%
through
77.2%
Rolling
77.2%
through
77.2%
like
77.2%
like
77.2%
grass
75.4%
rain
75.4%
falls
75.4%
your
75.4%
grass
75.4%
your
75.4%
your
75.4%
grass
75.4%
Amoreena's
73.7%
running
73.7%
hours
73.7%
child
73.7%
her
73.7%
days
73.7%
by
73.7%
we
73.7%
other
73.7%
running
73.7%
hours
73.7%
child
73.7%
Amoreena's
73.7%
running
73.7%
hours
73.7%
child
73.7%
cornfield
71.9%
rains
71.9%
town
71.9%
she's
71.9%
gone
71.9%
Laughing
71.9%
burst
71.9%
each
71.9%
can
71.9%
see
71.9%
if
71.9%
cornfield
71.9%
lusty
70.2%
% Correct
flower
70.2%
puppy
70.2%
Washing
70.2%
far
70.2%
dreams
70.2%
crystal
70.2%
slowly
70.2%
slowly
70.2%
slowly
70.2%
body
70.2%
lusty
70.2%
flower
70.2%
puppy
70.2%
lusty
70.2%
flower
70.2%
puppy
70.2%
puppy
70.2%
hay
68.4%
cattle
68.4%
away
68.4%
would
68.4%
hay
68.4%
hay
68.4%
Living
66.7%
out
66.7%
streams
66.7%
juice
66.7%
Living
66.7%
Oh
66.7%
Oh
66.7%
honey
66.7%
Living
66.7%
lean
64.9%
fit
64.9%
fruit
64.9%
flowing
64.9%
only
64.9%
daybreak
63.2%
somewhere
63.2%
upon
63.2%
daybreak
63.2%
eiderdown
61.4%
apples
61.4%
bronze
61.4%
sycamore
61.4%
eating
59.6%
evening
59.6%
could
59.6%
king
59.6%
misses
59.6%
shoulders
57.9%
sitting
56.1%
cradle
56.1%
cabin
56.1%
arms
56.1%
around
56.1%
are
56.1%
nestle
54.4%
windows
54.4%
open
54.4%
While
54.4%
valley
54.4%
brightening
52.6%
wide
52.6%
brightening
52.6%
swallow
50.9%
playing
50.9%

You're not logged in!

Compare scores with friends on all Sporcle quizzes.
OR
Log In

Sporcle TV

Today on Sporcle TV


Watch our educational content, quiz creation guides, and fun videos on Sporcle TV.

Show Comments

Extras

Created Jul 8, 2019ReportNominate
Tags:Lyrics Quiz, Elton John

Top Quizzes Today


Score Distribution

Paid Content

Your Account Isn't Verified!

In order to create a playlist on Sporcle, you need to verify the email address you used during registration. Go to your Sporcle Settings to finish the process.

Report this User

Report this user for behavior that violates our Community Guidelines.

Details: